000 01142nam a22003617ia4500
005 20210110144016.0
008 191105t20192019enko j 001 0 eng d
020 _a9781474775137
_qhardback
_cRM75.40
040 _aPPAK
_beng
_cPPAK
_erda
082 0 4 _a599.313
_223
090 0 0 _a599.313
_bFUR
_dRK
090 1 0 _a599.313
_bFUR
_dK
100 1 _aFurstinger, Nancy,
_eauthor.
245 1 0 _aHOW DO Sloths POO? /
_cNancy Furstinger ; Edited by Maddie Spalding
264 1 _aOxford :
_bRaintree,
_c[2019]
264 4 _c©2019
300 _a32 pages :
_bcolour photographs ;
_c24 cm
336 _2rdacontent
_atext
337 _2rdamedia
_aunmediated
338 _2rdacarrier
_avolume
490 1 _aCRAZY ANIMAL FACTS
490 1 _aBRIGHT IDEA BOOKS
500 _aBook Band Level: Purple.
500 _aIncludes index.
504 _aBibliography: page 32.
650 1 0 _aSloths
_vJuvenile literature
650 2 0 _aAnimal droppings
_vJuvenile literature
650 2 0 _aAnimal behavior
_vJuvenile literature
700 1 _aSpalding, Maddie,
_eeditor.
830 0 _aCrazy animal facts
830 0 _aBright idea books
942 _2ddc
_cB
999 _c174801
_d174801